000 00589nam a2200193 i 4500
001 72422
003 ES-MaACL
007 t|
008 040901s1983 sp ||||1| spa d
100 1 _aGironella, José María,
_d1917-2003
_957298
245 1 0 _aCita en el cementerio
_b: novela /
_cJosé María Gironella.
250 _a[1ª ed.].
260 _a[Barcelona] :
_bPlaneta,
_c[1983]
300 _a225 p. ;
_c21 cm.
490 1 _aColección contemporánea (Editorial Planeta) ;
_v27
_9235473
852 _aES-MaACL
_jL-6559
_bR.107333
942 _2udc
999 _c72422
_d72422